000 00309nam a22001337a 4500
008 170822b xxu||||| |||| 00| 0 eng d
020 _a03249794
041 _aeng
080 _a51
100 _a38
101 _aMAT
245 _aGEOMETRICTHEORY OF NONLINEAR CONTROL SYSTEMS
_cJAKUBCZYK,B
942 _2udc
_cBK
999 _c24561
_d24561